Everybody's guide to Sainik and military schools and Rashtriya Indian military college / (Record no. 133526)

MARC details
000 -LEADER
fixed length control field 00770nam a22002417a 4500
005 - DATE AND TIME OF LATEST TRANSACTION
control field 20170124110211.0
010 ## - LIBRARY OF CONGRESS CONTROL NUMBER
LC control number B-041083
020 ## - INTERNATIONAL STANDARD BOOK NUMBER
Terms of availability 65.00
International Standard Book Number 8185384126
035 ## - SYSTEM CONTROL NUMBER
System control number B-041083
037 ## - SOURCE OF ACQUISITION
Source of stock number/acquisition Cen Lib/Ret
040 ## - CATALOGING SOURCE
Original cataloging agency DPL
Language of cataloging EN
082 ## - DEWEY DECIMAL CLASSIFICATION NUMBER
Classification number 000
Item number SHA
100 ## - MAIN ENTRY--PERSONAL NAME
Personal name Sharma, M.M.
9 (RLIN) 92453
245 ## - TITLE STATEMENT
Title Everybody's guide to Sainik and military schools and Rashtriya Indian military college /
Statement of responsibility, etc by M.M.Sharma [and] Parry Rufty Lerty
250 ## - EDITION STATEMENT
Edition statement 10th ed
260 ## - PUBLICATION, DISTRIBUTION, ETC. (IMPRINT)
Place of publication, distribution, etc Noida
Name of publisher, distributor, etc Dattatreya Prakashan
Date of publication, distribution, etc 1996
270 ## - ADDRESS
Address 216/28
City Noida
Postal code 201 303
300 ## - PHYSICAL DESCRIPTION
Extent 247p. :
Dimensions 19cm(Hb)
Other physical details ill.
650 ## - SUBJECT ADDED ENTRY--TOPICAL TERM
Topical term or geographic name as entry element Guide for parents
9 (RLIN) 38183
650 ## - SUBJECT ADDED ENTRY--TOPICAL TERM
Topical term or geographic name as entry element Entrance test--Sainik school
9 (RLIN) 38184
700 ## - ADDED ENTRY--PERSONAL NAME
Personal name Lerty, Parry Rufty
9 (RLIN) 10651
942 ## - ADDED ENTRY ELEMENTS (KOHA)
Source of classification or shelving scheme Dewey Decimal Classification
Koha item type English Books
Classification part 000
Call number suffix SHA
Holdings
Withdrawn status Lost status Damaged status Not for loan Home library Current library Date acquired Source of acquisition Cost, normal purchase price Total Checkouts Full call number Barcode Date last seen Copy number Cost, replacement price Price effective from Koha item type
        Central Library Central Library 27/07/2015 Cen Lib/Ret 65.00   000 SHA B-041083 27/07/2015 1 65.00 15/09/2016 English Books

© Delhi Public Library
Hit Counter
free hit counter